000 00604nam a2200145Ia 4500
008 171212s9999 xx 000 0 und d
020 _a9781760460075
100 _aKāwika Tengan, Ty P.
245 _cKāwika Tengan, Ty P.editor Tomlinson, Matt
_aNew Mana
_bTransformations of a Classic Concept in Pacific Languages and Cultures
260 _bANU E Press
_c2016
440 _aMonographs in Anthropology
650 _aAnthropology
650 _aLanguage and culture -- Pacific Area; Languages in contact -- Pacific Area; Sociolinguistics -- Pacific Area
856 _uhttp://jstor.org/stable/j.ctt1d10hk8
999 _c351225
_d351225